| 000 | 01470cam a22003134a 4500 | ||
|---|---|---|---|
| 999 |
_c8030 _d8030 |
||
| 001 | 12129698 | ||
| 003 | GBCCL | ||
| 005 | 20241126110641.0 | ||
| 008 | 000803s2000 gau b 001 0 eng | ||
| 010 | _a 00061930 | ||
| 020 | _a0884140253 (pbk. : alk. paper) | ||
| 040 |
_aDLC _cDLC _dDLC |
||
| 042 | _apcc | ||
| 050 | 0 | 0 |
_aBS1192.5.A1 _bJ48 2000 |
| 082 | 0 | 0 |
_a221.6 _221 _bJEW |
| 245 | 0 | 0 |
_aJews, Christians, and the theology of the Hebrew scriptures / _cAlice Ogden Bellis and Joel S. Kaminsky, editors. |
| 260 |
_aAtlanta : _bSociety of Biblical Literature, _cc2000. |
||
| 300 |
_axiv, 450 p. ; _c23 cm. |
||
| 490 | 1 |
_aSBL symposium series ; _vno. 8 |
|
| 504 | _aIncludes bibliographical references (p. [387]-426) and indexes. | ||
| 630 | 0 | 0 |
_aBible. _pOld Testament _xTheology. _92493 |
| 630 | 0 | 0 |
_aBible. _pOld Testament _xCriticism, interpretation, etc. _957 |
| 700 | 1 |
_aBellis, Alice Ogden, _d1950- _914023 |
|
| 700 | 1 |
_aKaminsky, Joel S., _d1960- _914024 |
|
| 830 | 0 |
_aSymposium series (Society of Biblical Literature) ; _vno. 8. _914025 |
|
| 906 |
_a7 _bcbc _corignew _d1 _eocip _f20 _gy-gencatlg |
||
| 942 |
_2ddc _cBK |
||